| 000 | 01296nam0a22004571 4500 | ||
|---|---|---|---|
| 001 | RU\NLR\A1SV\42646 | ||
| 005 | 20251203171251.9 | ||
| 035 | _a(NLR Aleph) 009724893 | ||
| 090 |
_a9887091 _c9887091 |
||
| 100 | _a20020604d1918 u y0rusy50 ca | ||
| 101 | 0 | _arus | |
| 102 | _aRU | ||
| 200 | 1 |
_aГравюры Альбрехта Дюрера _fТекст прив.-доц. Моск. ун-та А.А.Сидорова |
|
| 210 |
_aМ. _cГеликон _d1918 |
||
| 215 |
_a108 с. _cил. _d29 см |
||
| 300 | _aЗагл. обл.: Дюрер | ||
| 512 | 1 | _aДюрер | |
| 620 | _dМосква | ||
| 700 | 1 |
_6z01790 _aДюрер _bА. _f1471-1528 _gАльбрехт _4070 |
|
| 702 | 1 |
_aСидоров _bА.А. _f1891-1978 _gАлексей Алексеевич _4070 |
|
| 790 | 1 |
_6z01700 _aDürer _bA. _gAlbrecht |
|
| 801 | 0 |
_aRU _bNLR _c20020604 |
|
| 899 |
_aРНБ _j17.132.1.11 |
||
| 899 |
_aРНБ _j136/291 |
||
| 899 | _aБАН | ||
| 899 | _aГПИБ | ||
| 899 | _aЯХМ | ||
| 899 | _aГРМ | ||
| 899 | _aНБ РК | ||
| 899 | _aКирОУНБ | ||
| 899 | _aRR | ||
| 899 | _aРКП | ||
| 899 | _aРГБ | ||
| 899 | _aМГУ | ||
| 899 | _aНБ ТГУ | ||
| 899 | _aLatNB | ||
| 899 | _aОренбургОУНБ | ||
| 942 | _cBOOK | ||
| 980 | _aNB | ||
| 980 | _aA1SV | ||